[Event "Sao Paulo op-C U1700 6th"]
[Site "Sao Paulo"]
[Date "2017.04.16"]
[Round "6"]
[White "Farias, Vitor Furtado"]
[Black "Costa, Iaggo Bernini"]
[Result "1-0"]
[WhiteElo "1636"]
[BlackElo "1448"]
[PlyCount "101"]
[EventDate "2017.04.14"]
[EventType "swiss"]
[EventRounds "6"]
[EventCountry "BRA"]
[SourceTitle "EXT 2019"]
[Source "ChessBase"]
[SourceDate "2018.10.10"]
[SourceVersion "1"]
[SourceVersionDate "2018.10.10"]
[SourceQuality "1"]

1. d4 Nf6 2. Bf4 g6 3. Nf3 Bg7 4. e3 0-0 5. Be2 d6 6. h3 Nh5 7. Bh2 Nd7 8. 0-0 Re8 9. c3 Nhf6 10. Re1 Ne4 11. Nbd2 Nxd2 12. Qxd2 e5 13. dxe5 dxe5 14. Rad1 c5 15. Bb5 e4 16. Bxd7 Bxd7 17. Qxd7 Qxd7 18. Rxd7 exf3 19. gxf3 b6 20. Red1 Bf6 21. R7d3 Red8 22. b3 b5 23. c4 a6 24. Rd5 bxc4 25. bxc4 Be7 26. Bd6 Bxd6 27. Rxd6 Rdc8 28. Rb6 a5 29. Rdd6 a4 30. Ra6 Kg7 31. Rdc6 Rxc6 32. Rxa8 Rb6 33. Rxa4 Rb1+ 34. Kg2 Rb2 35. Ra5 Kf6 36. a4 Rb4 37. Rxc5 Rxa4 38. Kg3 Ke6 39. f4 Kd6 40. Rd5+ Kc6 41. Rd4 Kc5 42. Kg4 f6 43. Rd5+ Kc6 44. Rd4 Kc5 45. f5 Ra2 46. f4 h5+ 47. Kf3 gxf5 48. Rd5+ Kxc4 49. Rxf5 Kd3 50. Rxf6 Re2 51. Rd6+ 1-0

[Event "Sao Paulo op-C U1700 6th"]
[Site "Sao Paulo"]
[Date "2017.04.14"]
[Round "1"]
[White "Vasconcelos, Melissa Nubia Fatim"]
[Black "Farias, Vitor Furtado"]
[Result "0-1"]
[WhiteElo "1378"]
[BlackElo "1636"]
[PlyCount "68"]
[EventDate "2017.04.14"]
[EventType "swiss"]
[EventRounds "6"]
[EventCountry "BRA"]
[SourceTitle "EXT 2019"]
[Source "ChessBase"]
[SourceDate "2018.10.10"]
[SourceVersion "1"]
[SourceVersionDate "2018.10.10"]
[SourceQuality "1"]

1. d4 Nf6 2. Nf3 g6 3. e3 Bg7 4. c4 0-0 5. Bd3 d5 6. c5 Nfd7 7. Qc2 e5 8. dxe5 Nxe5 9. Nxe5 Bxe5 10. e4 Re8 11. f4 Bd4 12. e5 Bxe5 13. fxe5 Rxe5+ 14. Kf2 Qf6+ 15. Kg3 Rh5 16. h4 Bf5 17. Nc3 Nc6 18. Nxd5 Qe5+ 19. Nf4 Nd4 20. Qd1 Bxd3 21. Qxd3 Rd8 22. Kh3 Ne6 23. Qe3 Nxf4+ 24. Qxf4 Rd3+ 25. g3 Qe6+ 26. Kg2 Qe2+ 27. Qf2 Qe4+ 28. Kh2 Rf3 29. Qe1 Qg4 30. Kg2 Rff5 31. Qe3 Re5 32. Qf4 Re2+ 33. Kf1 Rf5 34. Qxf5 gxf5 0-1

[Event "Sao Paulo-C U1700 op 5th"]
[Site "Sao Paulo"]
[Date "2016.10.16"]
[Round "6.32"]
[White "Farias, Vitor Furtado"]
[Black "Sakiyama, Enzo Tetsuo"]
[Result "1-0"]
[WhiteElo "1665"]
[BlackElo "1741"]
[PlyCount "125"]
[EventDate "2016.10.13"]
[EventType "swiss"]
[EventRounds "6"]
[EventCountry "BRA"]
[SourceTitle "EXT 2022"]
[Source "ChessBase"]
[SourceDate "2021.10.06"]
[SourceVersion "1"]
[SourceVersionDate "2021.10.06"]
[SourceQuality "1"]

1. d4 d5 2. Bf4 Nc6 3. e3 Nf6 4. Nf3 Bf5 5. a3 e6 6. Bb5 Bd6 7. Bxd6 Qxd6 8. c4 dxc4 9. Nbd2 a6 10. Nxc4 Qd7 11. Nfe5 Qd5 12. Bxc6+ bxc6 13. 0-0 0-0 14. Qa4 c5 15. Rfd1 cxd4 16. Rxd4 Qb5 17. Qd1 c5 18. a4 Qb8 19. Rd6 Rd8 20. Nd7 Nxd7 21. Rxd7 Rxd7 22. Qxd7 Qd8 23. Rd1 Qxd7 24. Rxd7 e5 25. Rc7 Rd8 26. h3 Rd1+ 27. Kh2 f6 28. Rc6 Rc1 29. Nd6 Bd7 30. Rxa6 h6 31. Ra8+ Kh7 32. Ra7 Be6 33. Ne8 Ra1 34. Nxg7 Bc4 35. Ne6+ Kg6 36. Nxc5 Rb1 37. b3 Bd5 38. a5 Rc1 39. b4 Rc2 40. Kg3 Rc4 41. Rd7 Bc6 42. Rd6 Ba8 43. Nd7 Rc6 44. Rxc6 Bxc6 45. Nc5 Kf7 46. a6 Ba8 47. b5 Ke7 48. b6 Kd6 49. b7 Bxb7 50. axb7 Kc7 51. Kh4 Kc6 52. b8Q Kxc5 53. Qd8 Kc4 54. Qd6 e4 55. Kh5 f5 56. Kxh6 Kc3 57. Qe5+ Kc2 58. Qd4 Kc1 59. Kg5 Kc2 60. Kxf5 Kc1 61. Kxe4 Kc2 62. h4 Kb3 63. h5 1-0